101 cách bồi dưỡng trí tuệ cho trẻ (0-1 tuổi)

Cung cấp và hướng dẫn những điều thiết thực, bổ ích trong quá trình phát hiện và bồi dưỡng tư duy cho trẻ từ 0 đến 1 tuổi như: Bồi dưỡng trí tuệ ngôn ngữ, trí tuệ vận động, trí tuệ số học, âm nhạc, giao tiếp... và trí tuệ quan sát...

Popoln opis

Shranjeno v:
Bibliografske podrobnosti
Drugi avtorji: Nhóm Việt Văn Book (b.soạn)
Format: Knjiga
Jezik:Vietnamese
Izdano: H. Phụ nữ 2005
Teme:
Oznake: Označite
Brez oznak, prvi označite!
Thư viện lưu trữ: Mạng thư viện Đại học Đà Nẵng
LEADER 01377nam a2200337 4500
001 000006350
003 2505
005 20120605150603.0
008 110908s2005 viesd
020 |c 22000đ 
041 0 |a vie 
082 |a 153.3  |b Môt 
245 0 |a 101 cách bồi dưỡng trí tuệ cho trẻ (0-1 tuổi)  |c Nhóm Việt văn book b.s. 
260 |a H.  |b Phụ nữ  |c 2005 
300 |a 196 tr  |c 21 cm 
520 |a Cung cấp và hướng dẫn những điều thiết thực, bổ ích trong quá trình phát hiện và bồi dưỡng tư duy cho trẻ từ 0 đến 1 tuổi như: Bồi dưỡng trí tuệ ngôn ngữ, trí tuệ vận động, trí tuệ số học, âm nhạc, giao tiếp... và trí tuệ quan sát 
653 |a Bồi dưỡng 
653 |a Trí tuệ 
653 |a Trẻ em 
700 |a Nhóm Việt Văn Book  |e b.soạn 
910 |a Nguyễn Thị Kim Oanh  |d 08/09/2011 
OWN |a LSP 
AVA |a UDN50  |b LSP  |d 153.3 Môt  |e available  |t Error 5001 Not defined in file expand_doc_bib_avail.  |f 5  |g 0  |h N  |i 0  |k 1 
999 |a From the UDN01 
AVA |a UDN50  |b LSP  |d 153.3 Môt  |e available  |t Error 5001 Not defined in file expand_doc_bib_avail.  |f 5  |g 0  |h N  |i 0  |k 1 
TYP |a Monograph 
TYP |a Printed language 
980 |a Mạng thư viện Đại học Đà Nẵng